| 000 | 00584nam a22002057a 4500 | ||
|---|---|---|---|
| 999 |
_c17327 _d17327 |
||
| 003 | AR-CdUCM | ||
| 008 | 190312b ||||| |||| 00| 0 spa d | ||
| 020 | _a84-8280-159-7 | ||
| 040 |
_aMUNICIPALIDAD PROVINCIAL DEL CUSCO _cBIBLIOTECA MUNICIPAL DEL CUSCO |
||
| 082 |
_a868.23 / _bR78 |
||
| 100 |
_aRojas, Fernando de _916710 |
||
| 245 | _aLa Celestina / | ||
| 260 |
_aLima : _bPeisa, _c1900. |
||
| 300 |
_a166 páginas ; _c18 cm. |
||
| 505 | _aContenido : Drama | ||
| 650 |
_aTeatro español _9648 |
||
| 650 |
_aLiteratura _983 |
||
| 942 |
_2ddc _cLIBROS |
||
| 945 |
_arah _d08/05/2019 |
||